<?xml version="1.0" encoding="UTF-8"?>
<record
    xmlns:xsi="http://www.w3.org/2001/XMLSchema-instance"
    xsi:schemaLocation="http://www.loc.gov/MARC21/slim http://www.loc.gov/standards/marcxml/schema/MARC21slim.xsd"
    xmlns="http://www.loc.gov/MARC21/slim">

  <leader>00844nam a22002537a 4500</leader>
  <controlfield tag="001">3863</controlfield>
  <controlfield tag="003">FISKH</controlfield>
  <controlfield tag="005">20240521090128.0</controlfield>
  <controlfield tag="008">240520b        cb ||||| |||| 00| 0 eng d</controlfield>
  <datafield tag="040" ind1=" " ind2=" ">
    <subfield code="a">FISK </subfield>
    <subfield code="b">eng </subfield>
    <subfield code="c">FISK </subfield>
    <subfield code="d">FISK </subfield>
  </datafield>
  <datafield tag="082" ind1=" " ind2=" ">
    <subfield code="a">813.52 </subfield>
  </datafield>
  <datafield tag="100" ind1=" " ind2=" ">
    <subfield code="a">Keene Carolyn </subfield>
    <subfield code="d">1905-2002 </subfield>
  </datafield>
  <datafield tag="245" ind1=" " ind2=" ">
    <subfield code="a">The search for the silver persian / </subfield>
    <subfield code="c">Carolyn Keene </subfield>
  </datafield>
  <datafield tag="260" ind1=" " ind2=" ">
    <subfield code="a">New York : </subfield>
    <subfield code="b">Minstrel Books, </subfield>
    <subfield code="c">1993 </subfield>
  </datafield>
  <datafield tag="300" ind1=" " ind2=" ">
    <subfield code="a">151 pages : </subfield>
    <subfield code="c">20 cm </subfield>
  </datafield>
  <datafield tag="490" ind1=" " ind2=" ">
    <subfield code="v">114 number </subfield>
    <subfield code="a">Nancy drew </subfield>
  </datafield>
  <datafield tag="505" ind1=" " ind2=" ">
    <subfield code="a">K </subfield>
  </datafield>
  <datafield tag="520" ind1=" " ind2=" ">
    <subfield code="a">When her friend's cat, Purrfect, is kidnapped after entering a River Heights cat show, Nancy Drew investigates the case of the missing feline and uncovers a devious scam. </subfield>
  </datafield>
  <datafield tag="521" ind1="8" ind2=" ">
    <subfield code="a">610 </subfield>
    <subfield code="b">Lexile estimates, </subfield>
  </datafield>
  <datafield tag="521" ind1="8" ind2=" ">
    <subfield code="a">K </subfield>
    <subfield code="b">Lexile estimates, </subfield>
  </datafield>
  <datafield tag="700" ind1=" " ind2=" ">
    <subfield code="a">Carolyn Keene </subfield>
  </datafield>
  <datafield tag="942" ind1=" " ind2=" ">
    <subfield code="2">ddc</subfield>
    <subfield code="c">BK</subfield>
    <subfield code="n">0</subfield>
  </datafield>
  <datafield tag="999" ind1=" " ind2=" ">
    <subfield code="c">3863</subfield>
    <subfield code="d">3863</subfield>
  </datafield>
  <datafield tag="952" ind1=" " ind2=" ">
    <subfield code="0">0</subfield>
    <subfield code="1">0</subfield>
    <subfield code="2">ddc</subfield>
    <subfield code="4">1</subfield>
    <subfield code="7">0</subfield>
    <subfield code="8">FIC</subfield>
    <subfield code="a">001</subfield>
    <subfield code="b">001</subfield>
    <subfield code="c">TTP</subfield>
    <subfield code="d">2024-05-20</subfield>
    <subfield code="l">0</subfield>
    <subfield code="o">KEE 813.52 </subfield>
    <subfield code="p">2024-0643</subfield>
    <subfield code="r">2024-05-20 09:09:44</subfield>
    <subfield code="t">1</subfield>
    <subfield code="w">2024-05-20</subfield>
    <subfield code="y">BK</subfield>
  </datafield>
</record>
